Vivo Orotoy: (Registro nro. 20899)

Detalles MARC
000 -CABECERA
Campo de control 00819nam a22002177a 4500
005 - FECHA Y HORA DE LA ULTIMA TRANSACCION
Campo de control 20200305051317.0
008 - ELEMENTOS DE LONGITUD FIJA—INFORMACION GENERAL
Campo de control 200304b xxu||||| |||| 00| 0 spa d
040 ## - FUENTE DE CATALOGACIÓN
Agencia catalogadora original CO-BoIAVH
Agencia transcriptora CO-BoIAVH
041 ## - IDIOMA
Código de idioma para texto/pista de sonido o título separado Español
044 ## - PAÍS DE PUBLICACIÓN
País de publicación Colombia
110 ## - ASIENTO PRINCIPAL--NOMBRE CORPORATIVO
9 (RLIN) 34072
Nombre corporativo o de jurisdicción como elemento de entrada Instituto de Investigación de Recursos Biológicos Alexander von Humboldt
245 ## - MENCION DE TITULO
Título Vivo Orotoy:
Parte restante del título Territorio en transformación.
250 ## - MENCION DE EDICION
Mención de edición #2
260 ## - PUBLICACION, DISTRIBUCION, ETC. (PIE DE IMPRENTA)
Lugar de publicación, distribución, etc. s.l.:
Nombre del editor, distribuidor, etc. Conexión vital,
-- ICAOC,
-- IDRC,
-- Corporación Ecochichimenitos,
Fecha de publicación, distribución, etc. s.f.
300 ## - DESCRIPCION FISICA
Extensión 4 Paginas:
Otros detalles físicos Ilustraciones a color,
Dimensiones 27.8 x 21.4 cm.
650 #0 - ASIENTO SECUNDARIO DE MATERIA - TERMINO TEMATICO
9 (RLIN) 102784
Término temático o nombre geográfico como elemento de entrada Adaptación al cambio climático
Subdivisión de forma Cuenca del Orotoy
650 #0 - ASIENTO SECUNDARIO DE MATERIA - TERMINO TEMATICO
9 (RLIN) 123
Término temático o nombre geográfico como elemento de entrada Biodiversidad
Subdivisión general Colombia
650 #0 - ASIENTO SECUNDARIO DE MATERIA - TERMINO TEMATICO
9 (RLIN) 2962
Término temático o nombre geográfico como elemento de entrada Transformación de ecosistemas
650 #0 - ASIENTO SECUNDARIO DE MATERIA - TERMINO TEMATICO
9 (RLIN) 464
Término temático o nombre geográfico como elemento de entrada Usos de la tierra
Subdivisión general Aspectos ambientales
942 ## - ELEMENTOS ADICIONALES (KOHA)
Sistema de clasificación Dewey Decimal Classification
Tipo de ítem Folleto
Existencias
Withdrawn status Lost status Sistema de Clasificación Damaged status No para préstamo Colección Ubicación Permanente Ubicación actual Fecha de adquisición Total Checkouts Número topográfico Inventario / Código de Barras Date last seen Ejemplar Price effective from Forma de adquisición Tipo de material
    Dewey Decimal Classification     Humboldt Bogotá Bogotá 04/03/2020   FH-0091 044243 04/03/2020 Ej.1 04/03/2020 Institucional Folleto